Nghiên cứu tổng hợp zeolite 4a từ kaolin Việt Nam : Bảo cáo tổng kết đề tài Khoa học và Công nghệ cấp trường

Nội dung đề tài nghiên cứu phân tích thành phần hóa học của kaolin Việt Nam. Thiết lập qui trình điều chế zeolite A từ kaolin Việt Nam. Điều chế zeolite 4A từ kaolin Việt Nam. Phân tích kết quả sản phẩm.

में बचाया:
ग्रंथसूची विवरण
मुख्य लेखक: Đoàn, Văn Hồng Thiện
स्वरूप: पुस्तक
भाषा:Undetermined
प्रकाशित: Cần Thơ Trường Đại học Cần Thơ 2014
विषय:
टैग : टैग जोड़ें
कोई टैग नहीं, इस रिकॉर्ड को टैग करने वाले पहले व्यक्ति बनें!
Thư viện lưu trữ: Trung tâm Học liệu Trường Đại học Cần Thơ
LEADER 01241nam a2200229Ia 4500
001 CTU_195467
008 210402s9999 xx 000 0 und d
082 |a 549.68 
082 |b Th305 
088 |a T2014-07 
100 |a Đoàn, Văn Hồng Thiện 
245 0 |a Nghiên cứu tổng hợp zeolite 4a từ kaolin Việt Nam : 
245 0 |b Bảo cáo tổng kết đề tài Khoa học và Công nghệ cấp trường 
245 0 |c Đoàn Văn Hồng Thiện (Chủ nhiệm đề tài) ; Nguyễn Việt Bách, Cao Lưu Ngọc Hạnh, Nguyễn Minh Nhựt (Cán bộ phối hợp nghiên cứu) 
260 |a Cần Thơ 
260 |b Trường Đại học Cần Thơ 
260 |c 2014 
520 |a Nội dung đề tài nghiên cứu phân tích thành phần hóa học của kaolin Việt Nam. Thiết lập qui trình điều chế zeolite A từ kaolin Việt Nam. Điều chế zeolite 4A từ kaolin Việt Nam. Phân tích kết quả sản phẩm. 
650 |a Zeolites,Khoáng chất Zêôlít 
904 |i Bằng 
915 |a CN 
980 |a Trung tâm Học liệu Trường Đại học Cần Thơ